000 01526cam a2200325 a 4500
001 2773
005 20240115095207.0
020 _a9780194791311 (pbk.)
020 _a0194791319 (pbk.)
040 _aVLB
_cVLB
_dDLC
_beng
050 0 0 _aPE1126.A4
_bG555 2008
082 0 0 _a428.6
_222
100 1 _aGilbert, Harry
_d1946-
245 1 4 _aThe star zoo /
_cHarry Gilbert
250 _aThis edition Oxford University Press 2008
260 _aOxford ;
_bOxford University Press,
_c2008
300 _a72 pages :
_billustrations ;
_c20 cm
490 0 _aOxford Bookworms Library ; Stage 3, Fantasy & horror
500 _a"First published in Oxford Bookworms, 1992"--T.p. verso.
505 0 _aG
520 _aOxford Bookworms offer students at all levels the opportunity to extend their reading and appreciation of English. There are six stages, taking students from elementary to advanced level. At the lower stages, many of the texts have been specially written for the series, to provide elementary and lower-intermediate students with an introduction to real reading in English. At the higher stages, most of the books have been adapted from works originally published for native speakers.
521 _a420
_bLexile
521 _aG
_bRaz-Plus
650 0 _aReaders (Adult)
650 0 _aEnglish language
_vTextbooks for foreign speakers.
650 0 _aReading comprehension
_vProblems, exercises, etc.
655 7 _aFantasy fiction.
_2gsafd
906 _a7
_bcbc
_ccopycat
_d2
_encip
_f20
_gy-gencatlg
942 _2ddc
_cBK
_n0
999 _c2773
_d2773